Jande-Fadaar (Record no. 115603)
[ view plain ]
| 000 -LEADER | |
|---|---|
| fixed length control field | 00380nam a2200133Ia 4500 |
| 008 - FIXED-LENGTH DATA ELEMENTS--GENERAL INFORMATION | |
| fixed length control field | 211119s9999||||xx |||||||||||||| ||und|| |
| 082 ## - DEWEY DECIMAL CLASSIFICATION NUMBER | |
| Classification number | 891.433 |
| Item number | POO-J |
| 100 ## - MAIN ENTRY--PERSONAL NAME | |
| Personal name | Poojai, Mariyo |
| 245 #0 - TITLE STATEMENT | |
| Title | Jande-Fadaar |
| 260 ## - PUBLICATION, DISTRIBUTION, ETC. | |
| Name of publisher, distributor, etc. | Kailishan |
| Place of publication, distribution, etc. | 2010 |
| Date of publication, distribution, etc. | U p |
| 300 ## - PHYSICAL DESCRIPTION | |
| Extent | 184p. |
| 650 ## - SUBJECT ADDED ENTRY--TOPICAL TERM | |
| Topical term or geographic name entry element | Hindi Literature |
| 942 ## - ADDED ENTRY ELEMENTS (KOHA) | |
| Koha item type | BOOK |
| 650 ## - SUBJECT ADDED ENTRY--TOPICAL TERM | |
| Form subdivision | East Indo -European& Celtic literaturesGeneralia |
| General subdivision | General stack |
| Withdrawn status | Lost status | Damaged status | Not for loan | Home library | Current library | Date acquired | Cost, normal purchase price | Total Checkouts | Full call number | Barcode | Shelving location | Date last seen | Price effective from | Koha item type |
|---|---|---|---|---|---|---|---|---|---|---|---|---|---|---|
| SB LIBRARY | SB LIBRARY | 19/11/2021 | 275.00 | 891.433 POO-J | 00129071 | GENERAL STACK | 19/11/2021 | 19/11/2021 | BOOK |